[Event "PRO League Eastern 2017"]
[Site "chess.com INT"]
[Date "2017.01.11"]
[Round "1"]
[White "Yatzenko, Anton"]
[Black "Klaver, Cornelis"]
[Result "0-1"]
[WhiteElo "2361"]
[BlackElo "2117"]
[WhiteTeam "Gorky Stormbringers"]
[BlackTeam "Johannesburg Koeksisters"]
[WhiteFideId "4157826"]
[BlackFideId "14301725"]
[EventDate "2017.01.11"]

1. d4 d5 2. Nf3 Nf6 3. e3 e6 4. c4 c6 5. Nc3 Nbd7 6. Qc2 Bd6 7. b3 O-O 8. Be2 b6
9. O-O Bb7 10. cxd5 exd5 11. Bb2 Rc8 12. Rfd1 Re8 13. Bd3 Qe7 14. Ne2 Ne4 15.
Ng3 g6 16. Bxe4 dxe4 17. Nd2 f5 18. Nc4 Nf6 19. a4 Nd5 20. Nxd6 Qxd6 21. Ba3 Qe6
22. b4 Ba6 23. Rac1 Bd3 24. Qb2 Rc7 25. b5 Rec8 26. bxc6 Rxc6 27. Re1 Rc2 28.
Qa1 h5 29. a5 h4 30. Nf1 h3 31. axb6 axb6 32. Rxc2 Rxc2 33. Ng3 hxg2 34. Bb2 Qc6
35. Rc1 f4 36. exf4 Nxf4 37. Rxc2 Bxc2 38. d5 Qxd5 39. Bd4 e3 40. f3 Qxf3 41.
Qa2+ Qd5 42. Qxd5+ Nxd5 43. Kxg2 Bd1 44. Kf1 b5 45. Ne4 e2+ 46. Kf2 Nf4 47. Bc3
Nd5 48. Ba5 b4 49. Nd2 b3 50. Nc4 Nf4 51. Nb2 Kf7 52. Bd2 Ne6 53. Ke1 Nc5 54.
Nxd1 exd1=Q+ 55. Kxd1 Ke6 56. Kc1 Kd5 57. Kb2 Kc4 58. Bg5 Nd3+ 59. Kb1 Kc3 60.
Bf6+ Kd2 61. Bg5+ Ke2 62. Be7 Kf3 63. Bd6 Kg2 64. Bb8 g5 65. Bd6 Nf4 66. Kb2
Kxh2 67. Kxb3 Kg2 68. Kc2 Kf3 69. Kd2 g4 70. Ke1 g3 71. Bxf4 Kxf4 72. Ke2 Ke4
73. Ke1 Ke3 74. Kf1 Kf3 75. Kg1 g2 0-1

[Event "PRO League Eastern 2017"]
[Site "chess.com INT"]
[Date "2017.01.11"]
[Round "1"]
[White "Nagy, Gabor1"]
[Black "Mohammad, Nubairshah Shaikh"]
[Result "1-0"]
[WhiteTitle "IM"]
[BlackTitle "IM"]
[WhiteElo "2433"]
[BlackElo "2412"]
[WhiteTeam "Budapest Gambit"]
[BlackTeam "Mumbai Movers"]
[WhiteFideId "737119"]
[BlackFideId "5053196"]
[EventDate "2017.01.11"]

1. Nf3 Nf6 2. c4 c6 3. d4 d5 4. Nc3 dxc4 5. a4 Bf5 6. e3 e6 7. Bxc4 Bb4 8. O-O
O-O 9. Nh4 Bg4 10. f3 Bh5 11. g4 Nd5 12. Ng2 Bg6 13. Na2 Be7 14. e4 Nb6 15. Be2
c5 16. a5 N6d7 17. dxc5 Bxc5+ 18. Kh1 Nc6 19. Nc3 a6 20. f4 f6 21. Be3 Bxe3 22.
Nxe3 Nc5 23. Bf3 Qc7 24. Bg2 Rfd8 25. Qe1 Nd3 26. Qg3 Nxb2 27. Rab1 Rd2 28. Qe1
Rad8 29. Ned5 exd5 30. Qxd2 Nc4 31. Qf2 dxe4 32. Rbd1 Rxd1 33. Rxd1 Qxa5 34.
Nxe4 Bf7 35. Nc5 Qb4 36. Bxc6 h5 37. Be4 Qb6 38. g5 Nd6 39. g6 Bb3 40. Qb2 Qxc5
41. Qxb3+ Kh8 42. Qe6 Qe3 43. Qc8+ Ne8 44. Qxe8# 1-0

[Event "PRO League Eastern 2017"]
[Site "chess.com INT"]
[Date "2017.01.11"]
[Round "1"]
[White "Nagy, Gabor1"]
[Black "Gagare, Shardul"]
[Result "1/2-1/2"]
[WhiteTitle "IM"]
[BlackTitle "GM"]
[WhiteElo "2433"]
[BlackElo "2472"]
[WhiteTeam "Budapest Gambit"]
[BlackTeam "Mumbai Movers"]
[WhiteFideId "737119"]
[BlackFideId "5037883"]
[EventDate "2017.01.11"]

1. e4 e6 2. d4 d5 3. Nc3 Nf6 4. exd5 exd5 5. Bg5 Bb4 6. Bd3 h6 7. Bh4 O-O 8. Ne2
c5 9. dxc5 Nbd7 10. O-O Qc7 11. Nb5 Qe5 12. Bg3 Qh5 13. Nc7 Rb8 14. Nf4 Qxd1 15.
Raxd1 Bxc5 16. Ncxd5 Ng4 17. Nh5 Ra8 18. b4 Nb6 19. Nc7 Bxb4 20. Nxa8 Nxa8 21.
h3 Nf6 22. Nxf6+ gxf6 23. Be4 Nb6 24. Bd6 Bxd6 25. Rxd6 Re8 26. Bf3 Kg7 27. Rfd1
Re7 28. a4 Rc7 29. Rd8 Nxa4 30. Re8 Be6 31. Rb8 Nc5 32. Rdd8 f5 33. Rh8 a5 34.
Rbg8+ Kf6 35. Rxh6+ Ke5 36. Ra8 a4 37. h4 b5 38. Rhh8 b4 39. Rhb8 b3 40. cxb3
axb3 41. h5 Nd7 42. Rb4 Rc4 43. Rb5+ Kf6 44. Ra1 Rc3 45. Kh2 Ne5 46. Bd1 Nd3 47.
Bxb3 Bxb3 48. h6 Nxf2 49. h7 Ng4+ 50. Kg1 Kg7 51. Rxf5 Kxh7 52. Rf3 Rxf3 53.
gxf3 Ne5 54. Kf2 Kg6 55. Ke3 Be6 56. Ke4 Nc4 57. Kf4 Kf6 58. Rh1 Nb6 59. Rh6+
Kg7 60. Rh1 Nd5+ 61. Ke5 Ne7 62. Ke4 Ng6 63. Rh2 f5+ 64. Kd4 Kf6 65. Rb2 Ne5 66.
Rf2 f4 67. Ke4 Ng6 68. Rb2 Bf5+ 69. Kd4 Kg5 70. Rg2+ Kh4 71. Kd5 Kh5 72. Kd6 Kh6
73. Kd5 Kg7 74. Kd4 Kf6 75. Rh2 Ne5 76. Rf2 Nf7 77. Ra2 Ng5 78. Ra6+ Be6 79. Kd3
Ke5 80. Ra5+ Bd5 81. Ke2 Kd4 82. Kf2 Nf7 83. Ra4+ Bc4 84. Ra8 Ne5 85. Rd8+ Kc3
86. Rf8 Nd3+ 87. Ke2 Ne5+ 88. Kf2 Nd3+ 89. Ke2 Ne5+ 90. Kf2 Nd3+ 1/2-1/2

[Event "PRO League Eastern 2017"]
[Site "chess.com INT"]
[Date "2017.01.11"]
[Round "1"]
[White "Murali, Krishna G."]
[Black "Kolosovsky, A"]
[Result "1-0"]
[WhiteElo "2068"]
[BlackElo "2074"]
[WhiteTeam "Amaravati Yodhas"]
[BlackTeam "Shymkent Nomads"]
[WhiteFideId "5018030"]
[BlackFideId "13705059"]
[EventDate "2017.01.11"]

1. d4 d5 2. Bf4 c5 3. e3 e6 4. c3 Qb6 5. Qb3 Nc6 6. Nd2 Nf6 7. Ngf3 Nh5 8. Bg3
f6 9. Qxb6 axb6 10. Bc7 cxd4 11. exd4 g5 12. Bxb6 g4 13. Ng1 e5 14. Nb3 Bh6 15.
h3 g3 16. Be2 gxf2+ 17. Kxf2 Nf4 18. Bf1 O-O 19. g3 Ng6 20. Bb5 e4 21. Ne2 f5
22. Bc7 f4 23. gxf4 Nxf4 24. Nxf4 Bxf4 25. Bxf4 Rxf4+ 26. Kg2 Ne7 27. Nc5 Nf5
28. a3 Ne3+ 29. Kh2 Rf2+ 30. Kg3 Rg2+ 31. Kf4 b6 32. Kxe3 bxc5 33. Rhg1 Bxh3 34.
Rxg2+ Bxg2 35. Rg1 cxd4+ 36. Kxd4 Kf7 37. Rxg2 Ke6 38. Rh2 Rb8 39. a4 Rb7 40.
Rh6+ Kf5 41. Kxd5 e3 42. Re6 Kf4 43. Kd4 Rb8 44. Re4+ Kf5 45. Rxe3 Rd8+ 46. Kc4 1-0

[Event "PRO League Eastern 2017"]
[Site "chess.com INT"]
[Date "2017.01.11"]
[Round "1"]
[White "Murali, Krishna G."]
[Black "Balabaev, Timur"]
[Result "0-1"]
[BlackTitle "IM"]
[WhiteElo "2068"]
[BlackElo "2393"]
[WhiteTeam "Amaravati Yodhas"]
[BlackTeam "Shymkent Nomads"]
[WhiteFideId "5018030"]
[BlackFideId "13700847"]
[EventDate "2017.01.11"]

1. e4 c5 2. d4 cxd4 3. c3 dxc3 4. Nxc3 e6 5. Nf3 a6 6. Bc4 d6 7. Qe2 Be7 8. O-O
Nc6 9. Rd1 b5 10. Bb3 Ra7 11. Be3 Rd7 12. Rac1 Bb7 13. a3 Nf6 14. Nd4 Nxd4 15.
Bxd4 e5 16. Be3 O-O 17. f3 d5 18. Bg5 d4 19. Nb1 Qb6 20. Qd3 Rfd8 21. Nd2 h6 22.
Bh4 Rc7 23. Bg3 Rxc1 24. Rxc1 Nd7 25. Bf2 Bg5 26. Rc2 Nc5 27. Qe2 d3 28. Bxc5
dxe2 29. Kf2 Bxd2 30. Kxe2 Qg6 0-1

[Event "PRO League Eastern 2017"]
[Site "chess.com INT"]
[Date "2017.01.11"]
[Round "1"]
[White "Tadic, Branko"]
[Black "Debashis, Das"]
[Result "0-1"]
[WhiteTitle "GM"]
[BlackTitle "GM"]
[WhiteElo "2472"]
[BlackElo "2472"]
[WhiteTeam "Belgrade Sparrows"]
[BlackTeam "Odisha Express"]
[WhiteFideId "916412"]
[BlackFideId "5024854"]
[EventDate "2017.01.11"]

1. Nf3 Nf6 2. c4 e6 3. g3 d5 4. d4 Be7 5. Bg2 O-O 6. Qc2 c5 7. dxc5 d4 8. O-O
Nc6 9. a3 a5 10. Bf4 Bxc5 11. Nbd2 Nh5 12. Nb3 Nxf4 13. Nxc5 Nxg2 14. Kxg2 e5
15. b4 Qe7 16. Qe4 f5 17. Qd5+ Kh8 18. Na4 Be6 19. Qb5 e4 20. Ne5 f4 21. Nb6
Nxe5 22. Nxa8 f3+ 23. exf3 Bxc4 24. Qxa5 Nxf3 25. Nb6 Bxf1+ 26. Rxf1 e3 27. fxe3
Qe4 28. Qd5 Qc2+ 0-1

[Event "PRO League Eastern 2017"]
[Site "chess.com INT"]
[Date "2017.01.11"]
[Round "1"]
[White "Tadic, Branko"]
[Black "Swayams, Mishra"]
[Result "0-1"]
[WhiteTitle "GM"]
[BlackTitle "IM"]
[WhiteElo "2472"]
[BlackElo "2491"]
[WhiteTeam "Belgrade Sparrows"]
[BlackTeam "Odisha Express"]
[WhiteFideId "916412"]
[BlackFideId "5028183"]
[EventDate "2017.01.11"]

1. Nf3 Nf6 2. c4 e6 3. g3 d5 4. Bg2 dxc4 5. O-O Nbd7 6. Qa4 a6 7. Nc3 c5 8. e4
Be7 9. Qxc4 b5 10. Qe2 Bb7 11. d3 O-O 12. Bf4 Qb6 13. a4 Bc6 14. Rfc1 Rfc8 15.
h3 Qb7 16. b3 h6 17. g4 Bf8 18. Nd2 Rd8 19. h4 g6 20. g5 Nh5 21. Bh2 hxg5 22.
hxg5 Bg7 23. Rab1 Ne5 24. b4 cxb4 25. axb5 axb5 26. Bxe5 Bxe5 27. Nd5 exd5 28.
exd5 Bxd5 29. Qxe5 Bxg2 30. Rc7 Qd5 31. Qh2 Qxg5 32. Qxg2 Qxd2 33. Re1 Qxe1+ 0-1

[Event "PRO League Eastern 2017"]
[Site "chess.com INT"]
[Date "2017.01.11"]
[Round "1"]
[White "Borisek, Jure"]
[Black "Grover, Sahaj"]
[Result "1-0"]
[WhiteTitle "GM"]
[BlackTitle "GM"]
[WhiteElo "2565"]
[BlackElo "2467"]
[WhiteTeam "Ljubljana Direwolves"]
[BlackTeam "Delhi Dynamite"]
[WhiteFideId "14603152"]
[BlackFideId "5021103"]
[EventDate "2017.01.11"]

1. e4 e6 2. d4 d5 3. Nd2 c5 4. Ngf3 Nc6 5. exd5 exd5 6. Bb5 cxd4 7. O-O Bd6 8.
Nb3 Ne7 9. Nbxd4 O-O 10. c3 Bg4 11. Be2 Qd7 12. Re1 a6 13. Bg5 Qc7 14. h3 Bh5
15. Qd2 h6 16. Be3 Bg6 17. Nb3 Rae8 18. Bc5 Bf4 19. Qd1 b6 20. Ba3 b5 21. Nbd4
Na5 22. Bd3 Bxd3 23. Qxd3 Nc4 24. Bxe7 Rxe7 25. Nf5 Rd7 26. g3 Bg5 27. Re2 g6
28. h4 Bf6 29. Nxh6+ Kh8 30. Rae1 Bg7 31. Ng4 b4 32. Re8 Rd8 33. Rxf8+ Rxf8 34.
cxb4 Nxb2 35. Qxd5 Rd8 36. Qb3 Qc4 37. Qxc4 Nxc4 38. Re7 Kg8 39. Ng5 Nd6 40. Ra7
Bc3 41. a3 Re8 42. Nh6+ 1-0

[Event "PRO League Eastern 2017"]
[Site "chess.com INT"]
[Date "2017.01.11"]
[Round "1"]
[White "Lenic, Luka"]
[Black "Gupta, Abhijeet"]
[Result "1/2-1/2"]
[WhiteTitle "GM"]
[BlackTitle "GM"]
[WhiteElo "2641"]
[BlackElo "2645"]
[WhiteTeam "Ljubljana Direwolves"]
[BlackTeam "Delhi Dynamite"]
[WhiteFideId "14603853"]
[BlackFideId "5010608"]
[EventDate "2017.01.11"]

1. d4 Nf6 2. c4 g6 3. Nc3 d5 4. Nf3 Bg7 5. Qa4+ Bd7 6. Qb3 dxc4 7. Qxc4 Be6 8.
Qb5+ Nc6 9. Qxb7 Bd7 10. Qb3 Rb8 11. Qd1 Bf5 12. a3 O-O 13. e3 e5 14. Be2 exd4
15. exd4 Ne4 16. O-O Nxd4 17. Nxd4 Bxd4 18. Nxe4 Bxe4 19. Bf3 Bxf3 20. Qxf3 c5
21. Rb1 a5 22. b3 Qb6 23. Be3 Bxe3 24. Qxe3 a4 25. b4 cxb4 26. Rxb4 Qxe3 27.
fxe3 Rxb4 28. axb4 Rb8 29. Rb1 Kf8 30. b5 Ke7 31. Ra1 Rxb5 32. Rxa4 Rb2 33. h4
h5 34. Kh2 Rb3 35. Re4+ Kf6 36. Kg3 Kf5 37. Kf3 1/2-1/2

[Event "PRO League Eastern 2017"]
[Site "chess.com INT"]
[Date "2017.01.11"]
[Round "1"]
[White "Lenic, Luka"]
[Black "Nihal, Sarin"]
[Result "1-0"]
[WhiteTitle "GM"]
[BlackTitle "FM"]
[WhiteElo "2641"]
[BlackElo "2340"]
[WhiteTeam "Ljubljana Direwolves"]
[BlackTeam "Delhi Dynamite"]
[WhiteFideId "14603853"]
[BlackFideId "25092340"]
[EventDate "2017.01.11"]

1. d4 Nf6 2. c4 e6 3. Nf3 d5 4. Nbd2 b6 5. g3 Bb7 6. cxd5 exd5 7. Bg2 Nbd7 8.
O-O Bd6 9. Nh4 g6 10. Nc4 Be7 11. Ne5 O-O 12. Nxd7 Nxd7 13. Nf3 Bf6 14. Bh6 Re8
15. Rc1 Nf8 16. Bf4 Ne6 17. Be5 Bxe5 18. Nxe5 Qd6 19. e3 c5 20. Qf3 Qe7 21. dxc5
Nxc5 22. b4 Ne4 23. Nd3 Rad8 24. Rfd1 d4 25. a3 Ba8 26. Re1 Nc3 27. Qf4 Bxg2 28.
Kxg2 dxe3 29. Rxc3 Qb7+ 30. Qf3 exf2 31. Rxe8+ 1-0

[Event "PRO League Eastern 2017"]
[Site "chess.com INT"]
[Date "2017.01.11"]
[Round "1"]
[White "Arsovic, Goran"]
[Black "Swayams, Mishra"]
[Result "1-0"]
[WhiteTitle "IM"]
[BlackTitle "IM"]
[WhiteElo "2401"]
[BlackElo "2491"]
[WhiteTeam "Belgrade Sparrows"]
[BlackTeam "Odisha Express"]
[WhiteFideId "901792"]
[BlackFideId "5028183"]
[EventDate "2017.01.11"]

1. d4 Nf6 2. Nf3 e6 3. c4 b6 4. a3 Bb7 5. Nc3 d5 6. Bg5 Be7 7. Bxf6 Bxf6 8. cxd5
exd5 9. Qa4+ c6 10. g3 O-O 11. Bg2 Nd7 12. O-O Re8 13. Rfd1 a5 14. Rac1 b5 15.
Qc2 a4 16. e4 Nb6 17. exd5 Nxd5 18. Ne4 b4 19. Nc5 b3 20. Qd2 Bc8 21. Re1 Bf5
22. Ne5 Bxe5 23. dxe5 Bc2 24. Qd4 Qa5 25. Be4 Bxe4 26. Rxe4 Nb6 27. Nb7 Qd5 28.
Rc5 Qxd4 29. Rxd4 Re7 30. Na5 Nd7 31. Nxc6 Nxc5 32. Nxe7+ Kf8 33. Nf5 Ne6 34.
Rc4 g6 35. Ne3 Ra5 36. Kf1 h5 37. h4 Kg7 38. Ke2 Ra7 39. f4 Ra5 40. Kf3 Ra7 41.
Ke4 Ra5 42. Kd3 Ra7 43. Kc3 Ra8 44. Nd5 Rd8 45. Ne3 Ra8 46. Nd1 Rd8 47. Nf2 Ra8
48. Ne4 Kh6 49. Kb4 Kg7 50. Kb5 Rd8 51. Kxa4 Rd3 52. Rc3 Rd4+ 53. Kxb3 Rxe4 54.
a4 Re1 55. a5 Ra1 56. Kb4 Nd4 57. Rc4 Nf5 58. Kb5 Nxg3 59. a6 Nf5 60. Ra4 Rb1
61. Ra2 Nd4+ 62. Kb6 Rc1 63. a7 Rc6+ 64. Kb7 Re6 65. a8=Q Re7+ 66. Kb6 Re6+ 67.
Kc5 Nf5 68. Ra6 Re7 69. Ra7 Re6 70. Qb7 1-0

[Event "PRO League Eastern 2017"]
[Site "chess.com INT"]
[Date "2017.01.11"]
[Round "1"]
[White "Oberholzer, Francois"]
[Black "Shaposhnikov, Evgeny"]
[Result "0-1"]
[WhiteTitle "FM"]
[BlackTitle "GM"]
[WhiteElo "2034"]
[BlackElo "2557"]
[WhiteTeam "Johannesburg Koeksisters"]
[BlackTeam "Gorky Stormbringers"]
[WhiteFideId "14302250"]
[BlackFideId "4122232"]
[EventDate "2017.01.11"]

1. e4 c5 2. b4 cxb4 3. a3 bxa3 4. d4 d6 5. Bd3 Nf6 6. c3 e5 7. Ne2 Be7 8. O-O
Nc6 9. f4 O-O 10. Nxa3 Bg4 11. fxe5 dxe5 12. d5 Nb8 13. Nc4 Bc5+ 14. Kh1 Nbd7
15. Bg5 h6 16. Bxf6 Nxf6 17. Qe1 Bxe2 18. Qxe2 Qe7 19. Rf5 Nd7 20. Bc2 Bd6 21.
Ne3 a5 22. Rf3 g6 23. Rh3 Kg7 24. Qg4 Kh7 25. Nf5 gxf5 26. Qxf5+ Kg7 27. Qg4+
Qg5 28. Qxd7 Rfd8 29. Qxb7 Rab8 30. Qa7 Qd2 31. Rf1 Rf8 32. Qd7 Rbd8 33. Qf5 f6
34. Rg3+ Kh8 35. Qg6 Rd7 36. Ba4 Rh7 37. h3 Bc5 38. d6 Qe2 39. Rd1 Qc4 40. d7
Rxd7 41. Qxh6+ Rh7 42. Qg6 Qxa4 43. Rf1 Qb5 44. Rgf3 Be7 45. R1f2 a4 46. Rg3 Bc5
47. Rd2 Qf1+ 0-1

[Event "PRO League Eastern 2017"]
[Site "chess.com INT"]
[Date "2017.01.11"]
[Round "1"]
[White "Oberholzer, Francois"]
[Black "Yatzenko, Anton"]
[Result "0-1"]
[WhiteTitle "FM"]
[WhiteElo "2034"]
[BlackElo "2361"]
[WhiteTeam "Johannesburg Koeksisters"]
[BlackTeam "Gorky Stormbringers"]
[WhiteFideId "14302250"]
[BlackFideId "4157826"]
[EventDate "2017.01.11"]

1. e4 e5 2. Nf3 Nc6 3. Bb5 a6 4. Ba4 Nf6 5. d3 d6 6. c3 g6 7. Nbd2 Bg7 8. O-O
O-O 9. h3 b5 10. Bc2 d5 11. a4 Bb7 12. exd5 Nxd5 13. Ne4 Qe7 14. Bb3 Rad8 15.
Re1 Kh8 16. Qc2 Bc8 17. d4 h6 18. axb5 axb5 19. dxe5 Nxe5 20. Nd4 Nb4 21. Qb1
Nbd3 22. Re3 f5 23. Rxd3 Nxd3 24. Qxd3 fxe4 25. Qxb5 Qh4 26. Be3 Rde8 27. Bf7
Re5 28. Qb8 Bxh3 29. Qxc7 Qg4 30. g3 Qh5 31. Bc4 Rc5 32. Qd7 Bxd7 0-1

[Event "PRO League Eastern 2017"]
[Site "chess.com INT"]
[Date "2017.01.11"]
[Round "1"]
[White "Reimanis, Ritvars"]
[Black "Hauge, Lars Oskar"]
[Result "1-0"]
[BlackTitle "IM"]
[WhiteElo "2264"]
[BlackElo "2431"]
[WhiteTeam "Riga Magicians"]
[BlackTeam "Norway Gnomes"]
[WhiteFideId "11602988"]
[BlackFideId "1509276"]
[EventDate "2017.01.11"]

1. d4 Nf6 2. Nf3 g6 3. Bf4 Bg7 4. e3 d6 5. h3 O-O 6. Nbd2 c5 7. c3 b6 8. Bc4 Bb7
9. O-O Nbd7 10. Bh2 a6 11. a4 Bc6 12. Qe2 Qc8 13. b4 Qb7 14. bxc5 bxc5 15. Rfb1
Qa7 16. e4 cxd4 17. cxd4 d5 18. exd5 Nxd5 19. Bxd5 Bxd5 20. Qxe7 Rad8 21. Qb4
Rfe8 22. Re1 Qa8 23. Rxe8+ Rxe8 24. Re1 Rc8 25. Qd6 Bc6 26. Ng5 Bxa4 27. Nxf7
Qc6 28. Qxc6 Rxc6 29. Ne5 Rc2 30. Nf1 Nxe5 31. Bxe5 Bf8 32. Ne3 Rc8 33. Nd5 Rd8
34. Nc7 Bb5 35. Rb1 Bc4 36. Rc1 Bb5 37. Ne6 Ra8 38. Rc7 a5 39. Ng5 h6 40. Ne4
Bb4 41. Bg7 Ra6 42. Nf6+ Rxf6 43. Bxf6 Be8 44. Be7 Bd2 45. Ra7 a4 46. d5 Bc1 47.
Bc5 Bb5 48. d6 Bg5 49. d7 Kf7 50. d8=Q+ 1-0

[Event "PRO League Eastern 2017"]
[Site "chess.com INT"]
[Date "2017.01.11"]
[Round "1"]
[White "Reimanis, Ritvars"]
[Black "Hammer, Jon Ludvig"]
[Result "0-1"]
[BlackTitle "GM"]
[WhiteElo "2264"]
[BlackElo "2628"]
[WhiteTeam "Riga Magicians"]
[BlackTeam "Norway Gnomes"]
[WhiteFideId "11602988"]
[BlackFideId "1503707"]
[EventDate "2017.01.11"]

1. d4 Nf6 2. c4 e6 3. Nc3 Bb4 4. e3 O-O 5. Ne2 Re8 6. a3 Bf8 7. g3 d5 8. cxd5
exd5 9. Bg2 c6 10. O-O Na6 11. Nf4 Nc7 12. f3 Ne6 13. Nd3 c5 14. Ne2 b6 15. dxc5
bxc5 16. b4 Ba6 17. bxc5 Nxc5 18. Nb4 Bc4 19. Nc6 Qb6 20. Ncd4 Nb3 21. Nxb3 Bxb3
22. Qd2 Rxe3 23. Kh1 Rae8 24. Nd4 Bc4 25. Rd1 Rd3 0-1

[Event "PRO League Eastern 2017"]
[Site "chess.com INT"]
[Date "2017.01.11"]
[Round "1"]
[White "Kovalenko, Igor"]
[Black "Hauge, Lars Oskar"]
[Result "1-0"]
[WhiteTitle "GM"]
[BlackTitle "IM"]
[WhiteElo "2684"]
[BlackElo "2431"]
[WhiteTeam "Riga Magicians"]
[BlackTeam "Norway Gnomes"]
[WhiteFideId "14117908"]
[BlackFideId "1509276"]
[EventDate "2017.01.11"]

1. c4 Nf6 2. Nc3 g6 3. e4 d6 4. d4 Bg7 5. f3 a6 6. Be3 Nbd7 7. Qd2 c5 8. Nge2
Qa5 9. Nd5 Qxd2+ 10. Kxd2 Nxd5 11. cxd5 O-O 12. Rc1 b6 13. g4 Bb7 14. h4 Rfc8
15. Bh3 Rc7 16. g5 a5 17. f4 Ba6 18. e5 Raa7 19. e6 fxe6 20. dxe6 Nf8 21. d5 Bb7
22. Bg2 Nxe6 23. Nc3 Bxc3+ 24. bxc3 Ng7 25. Rb1 e6 26. Rxb6 exd5 27. Rhb1 Kf8
28. Bh3 Bc6 29. Rb8+ Ne8 30. f5 Bd7 31. Bf4 Rc8 32. R8b7 Rc7 33. Rb8 Rc8 34.
R1b7 Rxb8 35. Rxa7 Bxf5 36. Bxf5 gxf5 37. Rxh7 Rb2+ 38. Ke3 Rxa2 39. g6 Ra3 40.
Rf7+ Kg8 41. Bh6 1-0

[Event "PRO League Eastern 2017"]
[Site "chess.com INT"]
[Date "2017.01.11"]
[Round "1"]
[White "Kovalenko, Igor"]
[Black "Hammer, Jon Ludvig"]
[Result "1-0"]
[WhiteTitle "GM"]
[BlackTitle "GM"]
[WhiteElo "2684"]
[BlackElo "2628"]
[WhiteTeam "Riga Magicians"]
[BlackTeam "Norway Gnomes"]
[WhiteFideId "14117908"]
[BlackFideId "1503707"]
[EventDate "2017.01.11"]

1. c4 e5 2. Nc3 Nf6 3. Nf3 Nc6 4. e3 Bb4 5. Qc2 d6 6. a3 Bxc3 7. Qxc3 e4 8. Nd4
Ne5 9. b4 O-O 10. Bb2 Re8 11. h3 c5 12. Nc2 b6 13. Be2 Ba6 14. O-O Rc8 15. b5
Bb7 16. a4 d5 17. Na3 Qd6 18. Rad1 Rcd8 19. cxd5 Nxd5 20. Qb3 Nb4 21. Nc4 Nxc4
22. Bxc4 Bd5 23. Qc3 f6 24. Be2 Bb7 25. Qa3 Nd3 26. Bxd3 Qxd3 27. Qxd3 Rxd3 28.
Bc3 Bd5 29. Ra1 Bc4 30. Rfc1 Be6 31. Rcb1 Rb8 32. Kh2 h5 33. h4 Kf7 34. f3 Bf5
35. Rf1 a5 36. bxa6 Ra8 37. Rfb1 Rxa6 38. a5 bxa5 39. Rb5 Rd5 40. Raxa5 Rxa5 41.
Rxa5 Ke6 42. Ra4 Rd7 43. fxe4 Bg4 44. Kg3 Bd1 45. Ra5 Bc2 46. Rxc5 Bxe4 47. Rxh5
Kf7 48. Ra5 Kg6 49. Kf2 Rd5 50. Ra4 Bc2 51. Rg4+ Kh6 52. Rb4 Rf5+ 53. Kg1 Bd3
54. Rd4 Rf1+ 55. Kh2 Be2 56. Kg3 Kg6 57. Rd7 Bb5 58. Rc7 Bd3 59. Bb4 Rd1 60. Rd7
Bb5 61. Rd6 Bc4 62. Bc3 Kf5 63. Rd4 Be2 64. Kf2 Ba6 65. g4+ Ke6 66. Rb4 Rf1+ 67.
Kg2 Be2 68. Rb7 g6 69. Rb6+ Kf7 70. Rb7+ Ke6 71. Rg7 Bd3 72. Rxg6 Bxg6 73. Kxf1
Bd3+ 74. Kf2 f5 75. g5 f4 76. exf4 Bg6 77. Kf3 Bh5+ 78. Ke3 Bg6 79. Be5 Kd5 80.
d4 Ke6 81. Kd2 Bh5 82. Kc3 Bg6 83. Kc4 1-0

[Event "PRO League Eastern 2017"]
[Site "chess.com INT"]
[Date "2017.01.11"]
[Round "1"]
[White "Rakesh, Kumar Jena"]
[Black "Arsovic, Goran"]
[Result "0-1"]
[WhiteTitle "FM"]
[BlackTitle "IM"]
[WhiteElo "2335"]
[BlackElo "2401"]
[WhiteTeam "Odisha Express"]
[BlackTeam "Belgrade Sparrows"]
[WhiteFideId "5084822"]
[BlackFideId "901792"]
[EventDate "2017.01.11"]

1. e4 c5 2. Nf3 d6 3. c3 Nf6 4. Be2 g6 5. O-O Bg7 6. Re1 O-O 7. Bf1 Nc6 8. h3
Nd7 9. d4 cxd4 10. cxd4 Qb6 11. Nc3 Nxd4 12. Nd5 Nxf3+ 13. Qxf3 Qd8 14. Bg5 Nf6
15. Bxf6 Bxf6 16. Nxf6+ exf6 17. Rad1 Be6 18. Qa3 Qe7 19. Rxd6 Bxa2 20. Ra1 Be6
21. Rd4 Qxa3 22. Rxa3 Rfc8 23. f4 Rc7 24. Rb4 Rd8 25. Be2 Rd2 26. Bf3 b6 27. Kh2
Kf8 28. Kg3 Ke7 29. Kh4 Rdc2 30. g4 R2c4 31. Rba4 Rxa4 32. Rxa4 a5 33. f5 Rc4
34. Ra3 Bd7 35. Rb3 b5 36. Be2 Rxe4 37. fxg6 hxg6 38. Bxb5 a4 39. Bd3 Rxg4+ 40.
hxg4 axb3 41. Kg3 Kd6 42. Kf4 g5+ 43. Kf3 Ke5 44. Bc4 Be6 45. Bb5 f5 46. gxf5
Bxf5 0-1

[Event "PRO League Eastern 2017"]
[Site "chess.com INT"]
[Date "2017.01.11"]
[Round "1"]
[White "Rakesh, Kumar Jena"]
[Black "Krunic, Dusan"]
[Result "1-0"]
[WhiteTitle "FM"]
[WhiteElo "2335"]
[BlackElo "2147"]
[WhiteTeam "Odisha Express"]
[BlackTeam "Belgrade Sparrows"]
[WhiteFideId "5084822"]
[BlackFideId "917745"]
[EventDate "2017.01.11"]

1. e4 e6 2. d4 d5 3. Nd2 Nc6 4. Ngf3 Nf6 5. e5 Nd7 6. Bd3 Nb4 7. Be2 c5 8. c3
Nc6 9. Bd3 Qb6 10. O-O cxd4 11. cxd4 Nxd4 12. Nxd4 Qxd4 13. Nf3 Qb6 14. Qa4 Qb4
15. Qc2 h6 16. a3 Qc5 17. Qa4 a6 18. Be3 b5 19. Qa5 Qe7 20. Bxb5 Qd8 21. Bb6
axb5 22. Bxd8 Rxa5 23. Bxa5 Bc5 24. Rac1 Ba6 25. b4 Be7 26. Rc6 Nb8 27. Rc7 Bd8
28. Ra7 Bxa5 29. bxa5 b4 30. Rb1 O-O 31. axb4 Rc8 32. h3 Bd3 33. Rd1 Be2 34. Re1
Nc6 35. Rb7 Bc4 36. Rb6 d4 37. Rxc6 Rxc6 38. Nxd4 Rc7 39. Rc1 1-0

[Event "PRO League Eastern 2017"]
[Site "chess.com INT"]
[Date "2017.01.11"]
[Round "1"]
[White "Kulkarni, Vikramaditya"]
[Black "Nagy, Gabor1"]
[Result "1/2-1/2"]
[WhiteTitle "IM"]
[BlackTitle "IM"]
[WhiteElo "2285"]
[BlackElo "2433"]
[WhiteTeam "Mumbai Movers"]
[BlackTeam "Budapest Gambit"]
[WhiteFideId "5009847"]
[BlackFideId "737119"]
[EventDate "2017.01.11"]

1. Nf3 c5 2. g3 Nc6 3. Bg2 g6 4. O-O Bg7 5. e4 d6 6. c3 e5 7. d3 Nge7 8. a3 a5
9. a4 O-O 10. Na3 h6 11. Nd2 Be6 12. f4 exf4 13. gxf4 f5 14. Kh1 Kh8 15. c4 Qd7
16. Nb5 Bg8 17. Nc3 Rae8 18. Nd5 Nxd5 19. cxd5 Nb4 20. Nc4 Qd8 21. Ra3 Re7 22.
Bd2 Rfe8 23. Bc3 fxe4 24. dxe4 Rxe4 25. Bxe4 Rxe4 26. Bxg7+ Kxg7 27. Ne3 Qe8 28.
Qd2 Nxd5 29. Nxd5 Rd4 30. Nc7 Bd5+ 31. Kg1 Qe4 32. Ne6+ Qxe6 33. Qe1 Re4 34.
Qxa5 Qf6 35. Qc3 Rd4 36. Qe1 Rxf4 37. Rxf4 Qxf4 38. Qe7+ Bf7 39. Qxb7 Qc1+ 40.
Kf2 Qd2+ 41. Kg1 Qe1+ 42. Kg2 Qe2+ 43. Kg1 Qe1+ 44. Kg2 Qe2+ 45. Kg1 d5 46. Rg3
Qe1+ 47. Kg2 Qe2+ 48. Kg1 Qd1+ 49. Kg2 Qe2+ 50. Kg1 Qe1+ 51. Kg2 Qe2+ 52. Kg1
Qe1+ 53. Kg2 Qe2+ 54. Kg1 1/2-1/2